000
00293nam a2200121Ia 4500
005
20251222114403.0
008
251222s1900||||xx |||||||||||||| ||spa||
082
_a
DVD0070/A88/1998/Ej.2
100
_a
Bille August
245
0
_a
Los Miserables:
264
_b
Mandalay Entertainment
942
_c
DVD
999
_c
1712
_d
1712